| 000 -LEADER |
| fixed length control field |
00849nam a2200229Ia 4500 |
| 001 - CONTROL NUMBER |
| control field |
17712 |
| 003 - CONTROL NUMBER IDENTIFIER |
| control field |
GE_BSU |
| 008 - FIXED-LENGTH DATA ELEMENTS--GENERAL INFORMATION |
| fixed length control field |
181216s||||||||xx |||||||||||||| ||und|| |
| 020 ## - INTERNATIONAL STANDARD BOOK NUMBER |
| International Standard Book Number |
978-9941-9135-9-4 |
| 040 ## - CATALOGING SOURCE |
| Transcribing agency |
GE_BSU |
| 080 ## - UNIVERSAL DECIMAL CLASSIFICATION NUMBER |
| Universal Decimal Classification number |
631.311(479.22) |
| 100 ## - MAIN ENTRY--PERSONAL NAME |
| Personal name |
კილასონია, ე. თავბერიძე,ს. |
| 245 ## - TITLE STATEMENT |
| Title |
სასოფლო-სამეურნეო ტექნიკის საექსპლუატაციო მასალები |
| 245 ## - TITLE STATEMENT |
| Statement of responsibility, etc. |
რედ. ზ.ციბაძე. |
| 260 ## - PUBLICATION, DISTRIBUTION, ETC. |
| Place of publication, distribution, etc. |
ქუთაისი |
| 260 ## - PUBLICATION, DISTRIBUTION, ETC. |
| Name of publisher, distributor, etc. |
ლამპარი |
| 260 ## - PUBLICATION, DISTRIBUTION, ETC. |
| Date of publication, distribution, etc. |
2013 |
| 300 ## - PHYSICAL DESCRIPTION |
| Extent |
304 გვ. : ნახ., ცხრ. ; 20 სმ |
| 300 ## - PHYSICAL DESCRIPTION |
| Accompanying material |
ბიბლიოგრ.:გვ.298 |
| 653 ## - INDEX TERM--UNCONTROLLED |
| Uncontrolled term |
სასოფლო-სამეურნეო ტექნიკა |
| 942 ## - ADDED ENTRY ELEMENTS (KOHA) |
| Koha item type |
წიგნი |